| 000 | 00384nam a2200145Ia 4500 | ||
|---|---|---|---|
| 999 |
_c2477 _d2477 |
||
| 003 | MAJU-Karachi | ||
| 005 | 20210121155132.0 | ||
| 008 | 190802s9999 xx 000 0 und d | ||
| 040 | _cDLC | ||
| 100 | _aDr. Syed Manzir Hussain | ||
| 245 | 0 | _aWajid Ali Shah : Unki Shayree aur Mersiyee | |
| 260 |
_aKarachi _bSheikh Shuokat Ali Sons _c2004 |
||
| 300 | _a368:p | ||
| 942 |
_cURDU _2ddc |
||